Personalities around Paul. (Record no. 5181)

000 -LEADER
fixed length control field 00613nam a2200193 a 4500
001 - CONTROL NUMBER
control field :::00002922$&:&@@
003 - CONTROL NUMBER IDENTIFIER
control field OkBaRHE
005 - DATE AND TIME OF LATEST TRANSACTION
control field 20000607103258.0
008 - FIXED-LENGTH DATA ELEMENTS--GENERAL INFORMATION
fixed length control field s1955 j 000 0 eng u
040 ## - CATALOGING SOURCE
Transcribing agency
100 1# - MAIN ENTRY--PERSONAL NAME
Personal name Rolston, Holmes, 1900-
245 10 - TITLE STATEMENT
Title Personalities around Paul.
260 ## - PUBLICATION, DISTRIBUTION, ETC. (IMPRINT)
Place of publication, distribution, etc Richmond, VA., :
Name of publisher, distributor, etc John Knox Press
Date of publication, distribution, etc 1955
300 ## - PHYSICAL DESCRIPTION
Extent 206 p. ;
Dimensions 20 cm.
650 ## - SUBJECT ADDED ENTRY--TOPICAL TERM
Topical term or geographic name as entry element Bible New Testament
General subdivision Biography
650 ## - SUBJECT ADDED ENTRY--TOPICAL TERM
Topical term or geographic name as entry element Paul, Saint, apostle
942 ## - ADDED ENTRY ELEMENTS (KOHA)
Source of classification or shelving scheme
Koha item type Books
Copies
Lost status Date last seen Not for loan Price effective from Koha item type Full call number Shelving location Source of classification or shelving scheme Date acquired Barcode Copy number Permanent Location Damaged status Withdrawn status
 2018-03-16 2010-04-14BooksBS 2505 .R58P4General Stacks 2010-04-1429221RHEMA Bible Training College